Reforma sociální pomoci ve Spojených státech

Vládny program USA reformy systému sociálnej pomoci (social welfare). Dôvody reformovania systému sociálnej pomoci. Republikánska a demokratická koncepcia reformy. Odlišnosti oboch koncepcií.

Enregistré dans:
Détails bibliographiques
Auteur principal: Adam, J.
Format: Chapitre de livre
Langue:tchèque
Sujets:
Tags: Ajouter un tag
Pas de tags, Soyez le premier à ajouter un tag!

MARC

LEADER 00000naa a2200000 4500
001 r018736
005 20221208131153.6
041 0 |a cze 
044 |a CZ 
245 1 0 |a Reforma sociální pomoci ve Spojených státech  |c J. Adam 
520 |a Vládny program USA reformy systému sociálnej pomoci (social welfare). Dôvody reformovania systému sociálnej pomoci. Republikánska a demokratická koncepcia reformy. Odlišnosti oboch koncepcií. 
610 2 0 |a reformy sociálne 
610 2 0 |a pomoc sociálna 
610 2 0 |a systémy sociálne 
610 2 0 |a USA 
610 2 0 |a programy vládne 
610 2 0 |a koncepcie 
100 1 |a Adam, J.